000 00863nam a22002297a 4500
999 _c14461
_d14461
003 MIRAKIL
005 20210803144448.0
008 210803b tu ||||| |||| 00| 0 tur d
040 _aTR-AnCHP
_btur
_cTR-AnCHP
041 _atur
082 _a915
_bM87 1993
245 _aMustafa Kemal Atatürk'ün Eskişehir-İzmit konuşmaları 1923 /
260 _aİstanbul:
_bKaynak Yayınları,
_c1993.
300 _a249 s.:
_c21 sm.
490 _aKaynak Yayınları;
_v136.
600 _aAtatürk, Mustafa Kemal
_d1881-1938
_xSiyasal ve sosyal görüşler
_zEskişehir
600 _aAtatürk, Mustafa Kemal
_d1881-1938
_xSiyasal ve sosyal görüşler
_zİzmit
651 _aTürkiye
_xSiyaset ve yönetim
_y1919-1923
651 _aTürkiye
_xSiyasal tarih
856 _zDijital Nüshası için Partimizin Kütüphane Sorumlusu ile iletişime geçiniz.
942 _cBKS
_2ddc